• 首页
  • 本馆介绍
  • 公告通知
  • 最新文献
  • 馆藏检索
  • 电子资源
  • 读者导购
  • 参考咨询
  • 我的图书馆
  • 登录
  • 详细信息显示
  • 放入我的书架
  • 预约/预借图书
  • 作者相关作品
  • 分类相关作品
  • 丛书相关作品
  • 出版社相关作品

书目信息

  • 表格格式
  • 工作单格式
  • 卡片格式
题名:
地理信息系统
    
 
作者: 许五弟 编著
分册:  
出版信息: 北京   中国建材工业出版社  2015
页数: 294页
开本: 26cm
丛书名:
单 册:
中图分类: P208.2
科图分类:
主题词: 地理信息系统--Di Li Xin Xi Xi Tong--高等学校--教材
电子资源:
ISBN: 978-7-5160-1289-5
000 00963nam0 22002411 450
001 350071
005 20161010155315.79
010    @a978-7-5160-1289-5@dCNY48.80
100    @a20160111d2015 em y0chiy50 ea
101 0  @achi
102    @aCN@b110000
105    @aa z 000yy
106    @ar
200 1  @a地理信息系统@ADi Li Xin Xi Xi Tong@f许五弟编著
210    @a北京@c中国建材工业出版社@d2015
215    @a294页@c图@d26cm
300    @a普通高等院校城乡规划专业系列规划教材
330    @a本书适应高等院校城乡规划专业对地理信息系统教材以应用为核心的要求,主要包括以下内容:绪论、地理信息系统概念、地理数据组织、矢量数据分析、栅格数据分析、表数据分析、地形分析、水文分析、三维分析、空间分析、网络分析、线性参考、地理统计、地图制图、地理信息模型、应用案例及其他。
606 0  @a地理信息系统@ADi Li Xin Xi Xi Tong@x高等学校@j教材
690    @aP208.2@v5
701  0 @a许五弟@AXu Wu Di@4编著
801  0 @aCN@bTANGWEI@20160803
905    @b0888180-4@dP208.2@e231@f5
    
    地理信息系统/许五弟编著 .-北京:中国建材工业出版社,2015
    294页:图;26cm
    普通高等院校城乡规划专业系列规划教材
    
    ISBN 978-7-5160-1289-5:CNY48.80
    本书适应高等院校城乡规划专业对地理信息系统教材以应用为核心的要求,主要包括以下内容:绪论、地理信息系统概念、地理数据组织、矢量数据分析、栅格数据分析、表数据分析、地形分析、水文分析、三维分析、空间分析、网络分析、线性参考、地理统计、地图制图、地理信息模型、应用案例及其他。
●
相关链接 在E读中查询图书 在五车中查询图书 在当当中查询图书 在豆瓣中查询图书


正题名:地理信息系统     索取号:P208.2/231         预约/预借

序号 登录号 条形码 馆藏地/架位号 状态 备注
1 0888180   208881806   第二样本阅览室/ [索取号:P208.2/231] 在馆    
2 0888181   208881815   第三借阅区/ [索取号:P208.2/231] 在馆    
3 0888182   208881824   第三借阅区/ [索取号:P208.2/231] 在馆    
4 0888183   208881833   第三借阅区/ [索取号:P208.2/231] 在馆    
5 0888184   208881842   第三借阅区/ [索取号:P208.2/231] 在馆    
唐山师范学院图书馆 欢迎您!
大连网信软件有限公司© 版权所有